Propuesta de desarrollo de un sistema web para la gestión del ciclo de vida de los activos fijos SIRCAF para el Instituto de Estudios Territoriales (INETER)

Presenta el desarrollo de un sistema web para la gestión de ciclo de vida de los activos fijos como propuesta para resolver la problemática encontrada en el área de control de bienes para el Instituto de Estudios Territoriales. Este sistema evitará perdida de información sensible y dará visibi...

Full description

Bibliographic Details
Main Authors: Álvarez Martínez, Damaris Isabel, Vidaurez Rodríguez, Carlos José
Other Authors: Tutor: Herrera Ordoñez, Luis Manuel
Format: Tesis Section = Libro
Language:Undetermined
Spanish
Published: Managua UNI 2020
Subjects:
LEADER 01332nam a2200265Ia 4500
008 240830s9999 xx 000 0 und d
040 |a BIBLIOTECA-RUSB/ Mon 005.74 A473 
041 |a spa 
082 |a Mon 005.74 A473 
100 1 |a Álvarez Martínez, Damaris Isabel 
100 1 |b Vidaurez Rodríguez, Carlos José 
245 1 0 |a Propuesta de desarrollo de un sistema web para la gestión del ciclo de vida de los activos fijos SIRCAF para el Instituto de Estudios Territoriales (INETER) 
260 |a Managua  |b UNI  |c 2020 
300 |a 89 p. :il. 
500 |a Contiene: anexos y CD. 
502 |a Tesis (Ingeniero en Computación) - UNI, 2020. 
520 3 |a Presenta el desarrollo de un sistema web para la gestión de ciclo de vida de los activos fijos como propuesta para resolver la problemática encontrada en el área de control de bienes para el Instituto de Estudios Territoriales. Este sistema evitará perdida de información sensible y dará visibilidad de los datos con mayor precisión lo que se traduce en formas de decisiones certeras y oportunas. 
650 7 |a SISTEMA WEB 
650 7 |b  AUTOMATIZACION- ACTIVOS 
650 7 |c  LENGUAJE UNIFICADO DE MODELADO 
650 7 |d  BASES DE DATOS- INETER 
700 1 |a Tutor:  |b Herrera Ordoñez, Luis Manuel 
942 |c BK  |2 ddc 
991 |a TESIS 
999 |c 19751